[Event "Campeonato de España sub-14 2011"]
[Site "Padron ESP"]
[Date "2011.07.12"]
[Round "2.8"]
[White "Garcia Martinez, Marcos"]
[Black "Martin Garcia, Guillermo"]
[Result "1/2-1/2"]
[WhiteElo "1757"]
[BlackElo "1955"]
[PlyCount "44"]
[EventDate "2011.07.12"]
[EventType "swiss"]
[EventRounds "9"]
[EventCountry "ESP"]
[Source "lmi"]
[SourceDate "2011.07.12"]

1. d4 d5 2. Nf3 Nf6 3. c4 e6 4. g3 Be7 5. Bg2 O-O 6. O-O b6 7. cxd5 exd5 8. Nc3
Bb7 9. Bf4 Na6 10. Rc1 c5 11. a3 c4 12. Nd2 Qd7 13. e4 b5 14. e5 Ne8 15. Be3 b4
16. axb4 Nxb4 17. b3 cxb3 18. Qxb3 a5 19. Na4 Qb5 20. Nc3 Qd7 21. Na4 Qb5 22.
Nc3 Qd7 1/2-1/2

[Event "Campeonato de España sub-14 2011"]
[Site "Padron ESP"]
[Date "2011.07.12"]
[Round "2.9"]
[White "Pruja, Ramirez De C. Eduar"]
[Black "Buendia Pinar, Alvaro"]
[Result "0-1"]
[WhiteElo "1735"]
[BlackElo "1941"]
[PlyCount "176"]
[EventDate "2011.07.12"]
[EventType "swiss"]
[EventRounds "9"]
[EventCountry "ESP"]
[Source "lmi"]
[SourceDate "2011.07.12"]

1. e4 c6 2. d4 d5 3. exd5 cxd5 4. Bd3 Nc6 5. c3 Nf6 6. Bf4 g6 7. Nd2 Bg7 8.
Ngf3 O-O 9. O-O Nh5 10. Bg3 Nxg3 11. hxg3 Re8 12. Re1 Bg4 13. Qb3 Rb8 14. Ne5
Nxe5 15. dxe5 a6 16. Nf3 Bxf3 17. gxf3 e6 18. Rad1 f6 19. exf6 Qxf6 20. f4 b5
21. Qa3 Rb6 22. Qc5 Qd8 23. Be4 Bf8 24. Qe3 Rd6 25. Bg2 Kf7 26. g4 Bg7 27. g5
Qb6 28. Qh3 Qc7 29. Qg3 Qd7 30. Bh3 Bf8 31. Qe3 Bg7 32. Qd3 Re7 33. b3 Qc7 34.
c4 bxc4 35. bxc4 d4 36. Bf1 Qc5 37. Qh3 Qf5 38. Qg3 e5 39. fxe5 Rxe5 40. Rxe5
Bxe5 41. Qh4 Kg7 42. Qh6+ Kh8 43. Bh3 Qf4 44. Bg2 d3 45. Qh3 Qxc4 46. Bf1 Qf4
47. Qc8+ Kg7 48. Qb7+ Kf8 49. Qc8+ Ke7 50. Qc7+ Rd7 51. Qc5+ Bd6 52. Qe3+ Qxe3
53. fxe3 Bc5 54. Rxd3 Rxd3 55. Bxd3 Bxe3+ 56. Kg2 a5 57. Bc4 Bxg5 58. Kg3 Kf6
59. Bd5 h5 60. Be4 Bd2 61. Kh4 Be1+ 62. Kh3 g5 63. Bd3 g4+ 64. Kg2 Kg5 65. Kf1
Bc3 66. Kg2 h4 67. Kg1 h3 68. Bf1 Kh4 69. Be2 g3 70. Bf3 Bd4+ 71. Kh1 g2+ 72.
Bxg2 hxg2+ 73. Kxg2 Kg4 74. Kf1 Kf3 75. Ke1 Ke3 76. Kd1 Kd3 77. Kc1 Kc3 78. Kb1
Kb4 79. Kc2 Ka3 80. Kd3 Bf6 81. Kc4 Kxa2 82. Kb5 Bc3 83. Ka4 Bb4 84. Kb5 Kb3
85. Kc6 a4 86. Kd5 a3 87. Kd4 a2 88. Kd3 a1=Q 0-1

[Event "Campeonato de España sub-14 2011"]
[Site "Padron ESP"]
[Date "2011.07.12"]
[Round "2.10"]
[White "Perez Barreto, Adrian"]
[Black "Gonzalez Santamartina, Jorge"]
[Result "1-0"]
[WhiteElo "1934"]
[BlackElo "1733"]
[PlyCount "73"]
[EventDate "2011.07.12"]
[EventType "swiss"]
[EventRounds "9"]
[EventCountry "ESP"]
[Source "lmi"]
[SourceDate "2011.07.12"]

1. d4 d5 2. c4 e6 3. Nc3 Nf6 4. cxd5 exd5 5. Bg5 c6 6. Qc2 Be7 7. e3 Nbd7 8.
Bd3 O-O 9. Nf3 Re8 10. h3 Nf8 11. Bf4 Ne6 12. Bh2 g6 13. g4 Ng7 14. Ne5 Nd7 15.
O-O-O Nxe5 16. Bxe5 Bd6 17. Bxd6 Qxd6 18. Rdg1 Bd7 19. h4 Rac8 20. h5 c5 21.
hxg6 fxg6 22. Qd2 Rc7 23. Rh6 Rec8 24. dxc5 Rxc5 25. Kb1 b5 26. Ne4 dxe4 27.
Bc4+ Be6 28. Qxd6 Bxc4 29. Rhh1 Bd3+ 30. Ka1 R5c7 31. Qd5+ Kf8 32. b3 Ne8 33.
Qe5 Kg8 34. Qe6+ Kf8 35. Rxh7 Rxh7 36. Qxc8 Rc7 37. Qe6 1-0

[Event "Campeonato de España sub-14 2011"]
[Site "Padron ESP"]
[Date "2011.07.12"]
[Round "2.11"]
[White "Pardo Gomez, Jose Ramon"]
[Black "Garriga Cazorla, Pere"]
[Result "1/2-1/2"]
[WhiteElo "1733"]
[BlackElo "1931"]
[PlyCount "109"]
[EventDate "2011.07.12"]
[EventType "swiss"]
[EventRounds "9"]
[EventCountry "ESP"]
[Source "lmi"]
[SourceDate "2011.07.12"]

1. e4 c5 2. Nf3 Nc6 3. d4 cxd4 4. Nxd4 g6 5. Nc3 Bg7 6. Nb3 Nf6 7. g4 d6 8. g5
Nd7 9. h4 b6 10. Be2 Nc5 11. Nd5 Bd7 12. Nxc5 bxc5 13. c3 Rb8 14. h5 O-O 15.
hxg6 fxg6 16. Bc4 e6 17. Nf4 Qe7 18. Qg4 d5 19. Qh4 Be5 20. Bd3 c4 21. Be2 Bxf4
22. Bxf4 e5 23. Be3 d4 24. Bxc4+ Kh8 25. cxd4 Rxb2 26. d5 Nd4 27. Bxd4 exd4 28.
O-O Qe5 29. Rab1 Rb6 30. Rxb6 axb6 31. f3 d3 32. Bb3 Bb5 33. Rf2 Qd4 34. Kg2 d2
35. Bd1 Bd7 36. Qg3 Kg8 37. Re2 Bb5 38. Qf2 Qe5 39. Rxd2 Qxg5+ 40. Kh1 Bd7 41.
Bb3 Qh5+ 42. Kg1 Rxf3 43. d6+ Kf8 44. Qg2 Bh3 45. Qxf3+ Qxf3 46. Rf2 Qxf2+ 47.
Kxf2 Ke8 48. Kg3 Bd7 49. e5 h6 50. Bg8 Bf5 51. Bc4 Kd7 52. Kf4 Bb1 53. Bb5+ Ke6
54. Bc4+ Kd7 55. Bb5+ 1/2-1/2

[Event "Campeonato de España sub-14 2011"]
[Site "Padron ESP"]
[Date "2011.07.12"]
[Round "2.12"]
[White "Alonso Gorrin, Javier"]
[Black "Alonso Gonzalez, Miguel"]
[Result "0-1"]
[WhiteElo "1920"]
[BlackElo "1732"]
[PlyCount "74"]
[EventDate "2011.07.12"]
[EventType "swiss"]
[EventRounds "9"]
[EventCountry "ESP"]
[Source "lmi"]
[SourceDate "2011.07.12"]

1. e4 e5 2. Nf3 Nf6 3. Nxe5 d6 4. Nf3 Nxe4 5. Nc3 Nxc3 6. dxc3 Be7 7. Bd3 Nc6
8. Bf4 Be6 9. Qd2 Qd7 10. O-O-O a6 11. h3 O-O-O 12. Kb1 Rhe8 13. Rhe1 Bf6 14.
g4 h5 15. g5 Be5 16. Nxe5 dxe5 17. Bxe5 Nxe5 18. Rxe5 Bxa2+ 19. Kxa2 Rxe5 20.
f4 Qa4+ 21. Kb1 Red5 22. b3 Rxd3 23. cxd3 Qxb3+ 24. Kc1 Rd5 25. c4 Qa3+ 26. Kc2
Ra5 27. Rb1 Qa2+ 28. Rb2 Qa4+ 29. Kc1 b6 30. Qc3 Qa1+ 31. Kd2 Qf1 32. Qd4 Ra1
33. Kc3 Qe1+ 34. Kb3 Qd1+ 35. Rc2 Rb1+ 36. Kc3 Qe1+ 37. Rd2 Rc1+ 0-1

[Event "Campeonato de España sub-14 2011"]
[Site "Padron ESP"]
[Date "2011.07.12"]
[Round "2.13"]
[White "Martinez Hernandez, Paula"]
[Black "Garcia Gracia, Victor Hugo"]
[Result "1/2-1/2"]
[WhiteElo "1701"]
[BlackElo "1919"]
[PlyCount "95"]
[EventDate "2011.07.12"]
[EventType "swiss"]
[EventRounds "9"]
[EventCountry "ESP"]
[Source "lmi"]
[SourceDate "2011.07.12"]

1. e4 e6 2. d4 d5 3. exd5 exd5 4. c4 Nf6 5. Nc3 dxc4 6. Bxc4 Bd6 7. Nf3 O-O 8.
O-O Bg4 9. h3 Bxf3 10. Qxf3 Nc6 11. Be3 Qd7 12. Bb5 Rfe8 13. d5 Ne5 14. Qxf6
gxf6 15. Bxd7 Nxd7 16. Nb5 a6 17. Nxd6 cxd6 18. Bd4 Re4 19. Rfd1 Rc8 20. Rd2 f5
21. Rad1 f6 22. f3 Re7 23. Kf2 Kf7 24. Bc3 Nc5 25. Bb4 Rce8 26. Bxc5 dxc5 27.
d6 Rd7 28. Rd5 Re5 29. R5d3 c4 30. Rc3 Rc5 31. b3 b5 32. bxc4 bxc4 33. Rd4 Rc6
34. Rcxc4 Rdxd6 35. Rxd6 Rxd6 36. Rc5 Rd2+ 37. Kg3 Rxa2 38. Rxf5 Kg6 39. Rd5 a5
40. h4 a4 41. Ra5 a3 42. Kh3 Ra1 43. Kg3 a2 44. Kg4 h5+ 45. Kf4 Rh1 46. Rxa2
Rxh4+ 47. Kg3 Rc4 48. Ra5 1/2-1/2

[Event "Campeonato de España sub-14 2011"]
[Site "Padron ESP"]
[Date "2011.07.12"]
[Round "2.14"]
[White "Pozanco Romasanta, Marc"]
[Black "Vico Moreno, Antonio"]
[Result "0-1"]
[WhiteElo "1916"]
[BlackElo "1696"]
[PlyCount "66"]
[EventDate "2011.07.12"]
[EventType "swiss"]
[EventRounds "9"]
[EventCountry "ESP"]
[Source "lmi"]
[SourceDate "2011.07.12"]

1. d4 Nf6 2. c4 d5 3. Nc3 e6 4. cxd5 exd5 5. Bg5 Be7 6. e3 O-O 7. Bd3 c6 8. Qc2
h6 9. Bf4 Nbd7 10. Nf3 Re8 11. O-O Nb6 12. a4 a5 13. Nb5 Rf8 14. Bc7 Qe8 15.
Bxb6 cxb5 16. Bxb5 Bd7 17. Qd3 Bb4 18. Ne5 Bxb5 19. Qxb5 Qxb5 20. axb5 Rfc8 21.
Nd3 Nd7 22. Nxb4 Nxb6 23. Nd3 Rc2 24. Rfc1 Rac8 25. Rxc2 Rxc2 26. g3 a4 27. Ra3
Rd2 28. Rc3 Nc4 29. e4 dxe4 30. Rxc4 exd3 31. d5 Rxb2 32. Rd4 d2 33. Kg2 Kf8
0-1

[Event "Campeonato de España sub-14 2011"]
[Site "Padron ESP"]
[Date "2011.07.12"]
[Round "2.15"]
[White "Gomez Dieguez, Adrian"]
[Black "Cervello Tost, Ferran"]
[Result "1/2-1/2"]
[WhiteElo "1698"]
[BlackElo "1880"]
[PlyCount "156"]
[EventDate "2011.07.12"]
[EventType "swiss"]
[EventRounds "9"]
[EventCountry "ESP"]
[Source "lmi"]
[SourceDate "2011.07.12"]

1. e4 d6 2. Nc3 e5 3. Bc4 Nf6 4. d3 Be7 5. f4 exf4 6. Bxf4 c6 7. Bb3 O-O 8. Nf3
a5 9. Qd2 Nbd7 10. a3 Nc5 11. Ba2 b5 12. O-O b4 13. axb4 axb4 14. Ne2 Be6 15.
Bxe6 Nxe6 16. Qxb4 Rxa1 17. Rxa1 d5 18. Qb7 dxe4 19. dxe4 Nxf4 20. Nxf4 Qd6 21.
Nd3 Nxe4 22. Qb3 Nc5 23. Qc4 Nxd3 24. Qxd3 Qc5+ 25. Nd4 Rd8 26. c3 Bf6 27. Kf1
Qb6 28. Qc2 Bxd4 29. cxd4 Qxd4 30. Re1 c5 31. Re4 Qf6+ 32. Ke2 g6 33. Qxc5
Qxb2+ 34. Kf3 Rd3+ 35. Re3 Qf6+ 36. Ke2 Rxe3+ 37. Qxe3 Kg7 38. Qc5 h5 39. h3
Qe6+ 40. Kf3 Qb3+ 41. Kf2 Qb2+ 42. Kf3 Qf6+ 43. Ke2 g5 44. Qb4 Kg6 45. Qe4+ Qf5
46. Qa8 Qe5+ 47. Kf2 Qd4+ 48. Ke2 h4 49. Qg8+ Qg7 50. Qb8 Qf6 51. Qg8+ Kf5 52.
Qh7+ Qg6 53. Qh8 Qe6+ 54. Kf2 Qa2+ 55. Kg1 Qb1+ 56. Kh2 Qb6 57. Qc8+ Qe6 58.
Qc2+ Kf6 59. Qf2+ Kg6 60. Kh1 Qf6 61. Qc2+ Kg7 62. Qd3 Qa1+ 63. Kh2 Qe5+ 64.
Kh1 Kf6 65. Qf3+ Kg6 66. Qd3+ f5 67. Qc2 Kh5 68. Qd1+ g4 69. hxg4+ fxg4 70. Qf1
Qd5 71. Kg1 Qd4+ 72. Kh1 Qd5 73. Kg1 Kg5 74. Qc1+ Kf5 75. Qf1+ Ke5 76. Qe1+ Qe4
77. Qxh4 Qd4+ 78. Kh2 Kd5 1/2-1/2

[Event "Campeonato de España sub-14 2011"]
[Site "Padron ESP"]
[Date "2011.07.12"]
[Round "2.16"]
[White "Prado Acebo, Ines"]
[Black "Nuñez, Miranda Adrian"]
[Result "0-1"]
[WhiteElo "1694"]
[BlackElo "1862"]
[PlyCount "78"]
[EventDate "2011.07.12"]
[EventType "swiss"]
[EventRounds "9"]
[EventCountry "ESP"]
[Source "lmi"]
[SourceDate "2011.07.12"]

1. d4 f5 2. c4 Nf6 3. Nc3 g6 4. Nf3 Bg7 5. Bg5 O-O 6. Bxf6 Bxf6 7. e4 d6 8. Bd3
e5 9. dxe5 dxe5 10. Bc2 c6 11. Qxd8 Rxd8 12. Ke2 Be6 13. b3 Na6 14. Rad1 Rf8
15. Rd6 Rae8 16. Rhd1 Bc8 17. Rf1 f4 18. Na4 g5 19. g3 Be7 20. Rdd1 Bg4 21. Rg1
Nb4 22. Bb1 h5 23. Nb2 fxg3 24. Rxg3 Rxf3 25. Rxf3 Rf8 26. Rd2 Rxf3 27. Kf1 Rc3
28. Bd3 Bf3 29. Be2 Rc1+ 30. Nd1 Bxe2+ 31. Kxe2 Rc2 32. a3 Rxd2+ 33. Kxd2 Na6
34. b4 g4 35. Ke2 Bg5 36. f3 Bc1 37. fxg4 hxg4 38. Nf2 Bxa3 39. Nxg4 Bb2 0-1

[Event "Campeonato de España sub-14 2011"]
[Site "Padron ESP"]
[Date "2011.07.13"]
[Round "3.1"]
[White "Suarez Gomez, Julio"]
[Black "Shen, Yue"]
[Result "0-1"]
[WhiteElo "1819"]
[BlackElo "2053"]
[PlyCount "178"]
[EventDate "2011.07.12"]
[EventType "swiss"]
[EventRounds "9"]
[EventCountry "ESP"]
[Source "lmi"]
[SourceDate "2011.07.12"]

1. e4 c5 2. d3 Nc6 3. g3 d5 4. Nd2 Nf6 5. Bg2 e5 6. Ngf3 g6 7. O-O Bg7 8. Re1
O-O 9. exd5 Nxd5 10. Nc4 Re8 11. a4 h6 12. Nfd2 Be6 13. Ne4 b6 14. Bd2 Qc7 15.
Ned6 Red8 16. Nb5 Qb8 17. Qc1 Kh7 18. Nc3 Ndb4 19. Ne4 a6 20. a5 f5 21. Bxb4
Bxc4 22. dxc4 Nxb4 23. Nc3 e4 24. Rd1 Qb7 25. axb6 Qxb6 26. Rb1 Qe6 27. Bf1 h5
28. Qe3 Qe7 29. Nd5 Nxd5 30. Rxd5 Bd4 31. Qe2 Rdb8 32. b3 h4 33. Rd1 hxg3 34.
hxg3 Qc7 35. Bg2 Re8 36. c3 Bg7 37. Qe3 Qb6 38. Rd6 Qxb3 39. Qg5 Re6 40. Qh4+
Kg8 41. Rd8+ Re8 42. R8d6 a5 43. Rf1 Qxc4 44. Rxg6 Qf7 45. Qg5 Re6 46. Rxe6
Qxe6 47. Bh3 Rf8 48. Ra1 Qb3 49. Rxa5 Qxc3 50. Ra7 Qe5 51. Bxf5 Rxf5 52. Rxg7+
Qxg7 53. Qxf5 Qd4 54. Qg5+ Kf7 55. Qf5+ Ke7 56. Qg5+ Kd6 57. Qd8+ Ke6 58. Qe8+
Kf5 59. Qh5+ Ke6 60. Qe8+ Kd5 61. Qg8+ Kd6 62. Qd8+ Kc6 63. Qc8+ Kb5 64. Qb7+
Ka4 65. Qa6+ Kb3 66. Qb6+ Kc3 67. Qa5+ Kd3 68. Qa3+ Ke2 69. Qa2+ Ke1 70. Qb1+
Ke2 71. Qa2+ Kd3 72. Qb3+ Qc3 73. Qd5+ Qd4 74. Qb3+ Kd2 75. Qa2+ Kc1 76. Qa3+
Kb1 77. Kg2 Qd5 78. Qe3 c4 79. Qe1+ Kc2 80. Qe2+ Kb3 81. Qe3+ c3 82. g4 Kb2 83.
Qb6+ Kc2 84. Qe3 Qc6 85. Kg3 Kb1 86. g5 c2 87. Qb3+ Kc1 88. Kg4 Kd1 89. Kh5 Qd7
0-1

[Event "Campeonato de España sub-14 2011"]
[Site "Padron ESP"]
[Date "2011.07.13"]
[Round "3.2"]
[White "Alvarez Nistal, David"]
[Black "Garcia-Castany, Musellas Gal.La"]
[Result "1/2-1/2"]
[WhiteElo "1796"]
[BlackElo "1980"]
[PlyCount "71"]
[EventDate "2011.07.12"]
[EventType "swiss"]
[EventRounds "9"]
[EventCountry "ESP"]
[Source "lmi"]
[SourceDate "2011.07.12"]

1. d4 d5 2. c4 e6 3. Nc3 Nf6 4. cxd5 exd5 5. Bg5 Nbd7 6. e3 Be7 7. Qc2 c6 8.
Bd3 Nh5 9. Bxe7 Qxe7 10. Nge2 g6 11. O-O-O Nb6 12. Ng3 Nf6 13. Kb1 O-O 14. Nce2
Bg4 15. f3 Bd7 16. Qd2 h5 17. e4 dxe4 18. fxe4 Ng4 19. Nc3 Qd6 20. Bc2 Nc4 21.
Qe2 Nge3 22. Rd3 Bg4 23. Qf2 Nxc2 24. Kxc2 Rad8 25. h3 Bc8 26. Rhd1 Qb4 27. Kc1
b6 28. Kb1 Ba6 29. Nxh5 Na3+ 30. Kc1 Bxd3 31. Qf6 gxh5 32. Qg5+ Kh7 33. Qxh5+
Kg7 34. Qg5+ Kh7 35. Qh5+ Kg7 36. Qg5+ 1/2-1/2

[Event "Campeonato de España sub-14 2011"]
[Site "Padron ESP"]
[Date "2011.07.13"]
[Round "3.3"]
[White "Bru Rullo, Llatzer"]
[Black "Abal Cores, Lucas"]
[Result "0-1"]
[WhiteElo "1971"]
[BlackElo "1815"]
[PlyCount "172"]
[EventDate "2011.07.12"]
[EventType "swiss"]
[EventRounds "9"]
[EventCountry "ESP"]
[Source "lmi"]
[SourceDate "2011.07.12"]

1. e4 e5 2. Nf3 Nf6 3. Nxe5 d6 4. Nf3 Nxe4 5. d4 d5 6. Bd3 Nc6 7. O-O Be7 8.
Nc3 Nxc3 9. bxc3 O-O 10. h3 Be6 11. Re1 Re8 12. Rb1 Na5 13. Ne5 f6 14. Ng4 Qd7
15. Bf4 c6 16. Ne3 g6 17. Ng4 Bxg4 18. hxg4 Bd6 19. Qf3 b5 20. g3 Nc4 21. Kg2
Qc7 22. Rxe8+ Rxe8 23. Rh1 Nb2 24. Bd2 Qf7 25. Bf4 Bf8 26. Be3 Na4 27. Bd2 Bd6
28. Kf1 Re7 29. Rh6 Qg7 30. g5 Rf7 31. Qg4 f5 32. Qf3 Qf8 33. Kg1 Qc8 34. Qe2
Bf8 35. Rh4 Re7 36. Qf3 Nb2 37. Bf4 Re1+ 38. Kg2 Qe6 39. Be5 Bg7 40. Bxg7 Kxg7
41. Qf4 Qe7 42. Bxf5 Na4 43. Bd3 Nxc3 44. Rh6 Ne4 45. Qh4 Kg8 46. f4 Re3 47. g4
Nd2 48. f5 Rxd3 49. cxd3 Qe2+ 50. Qf2 Qxg4+ 51. Kh1 Nf3 52. fxg6 hxg6 53. Rxg6+
Kh7 54. Rh6+ Kg7 55. Qe3 Nxg5 56. Rh2 Qd1+ 57. Kg2 Qg4+ 58. Kf1 Qf3+ 59. Qxf3
Nxf3 60. Rb2 Nxd4 61. Kf2 Kf6 62. Ke3 Ke5 63. Rh2 Nf5+ 64. Kd2 Kd4 65. Rh5 Nd6
66. Rh4+ Kc5 67. Rh6 Nf5 68. Rf6 Nd4 69. Rf8 a5 70. Rf4 a4 71. a3 Nb3+ 72. Kc2
Kd6 73. d4 c5 74. dxc5+ Kxc5 75. Rf8 Kc4 76. Rc8+ Nc5 77. Rb8 d4 78. Rc8 b4 79.
axb4 Kxb4 80. Rb8+ Kc4 81. Rc8 a3 82. Ra8 d3+ 83. Kd1 Kb3 84. Rb8+ Kc3 85. Ra8
Kb2 86. Kd2 a2 0-1

[Event "Campeonato de España sub-14 2011"]
[Site "Padron ESP"]
[Date "2011.07.13"]
[Round "3.4"]
[White "Jimenez, Peñafiel Gustavo"]
[Black "Marchena Hurtado, Javier"]
[Result "1-0"]
[WhiteElo "1783"]
[BlackElo "1961"]
[PlyCount "104"]
[EventDate "2011.07.12"]
[EventType "swiss"]
[EventRounds "9"]
[EventCountry "ESP"]
[Source "lmi"]
[SourceDate "2011.07.12"]

1. e4 c5 2. Nf3 Nc6 3. d4 cxd4 4. Nxd4 Nf6 5. Nc3 d6 6. g3 e5 7. Nde2 Be7 8.
Bg2 O-O 9. O-O h6 10. h3 a6 11. Be3 b5 12. Qd2 Bb7 13. g4 b4 14. Nd5 a5 15. Ng3
Nxd5 16. exd5 Nb8 17. Be4 Bg5 18. Nf5 Bxe3 19. Qxe3 Na6 20. Nxh6+ gxh6 21. Qxh6
f5 22. Qg6+ Kh8 23. Bxf5 Qe7 24. Qh6+ Kg8 25. Be6+ Rf7 26. Qg6+ Kf8 27. Bxf7
Qxf7 28. Qxd6+ Kg8 29. Rfe1 Rf8 30. Qe6 Qxe6 31. dxe6 e4 32. Rad1 Nc5 33. Rd6
Re8 34. Red1 Nxe6 35. Rb6 Re7 36. Rdd6 Nf4 37. Kh2 Kg7 38. Rb5 Rc7 39. Rf5 Ne2
40. Rxa5 Bc8 41. Rd2 Nf4 42. Re5 Bb7 43. Rg5+ Kh8 44. Rf5 Ne6 45. Rb5 Nf4 46.
Rxb4 Bd5 47. b3 Rh7 48. Kg3 Rf7 49. Rb8+ Kg7 50. Rd8 Be6 51. R8d6 Kf8 52. R6d4
Ke7 1-0

[Event "Campeonato de España sub-14 2011"]
[Site "Padron ESP"]
[Date "2011.07.13"]
[Round "3.5"]
[White "Buendia Pinar, Alvaro"]
[Black "Montoya Pecurul, Marc"]
[Result "1-0"]
[WhiteElo "1941"]
[BlackElo "1796"]
[PlyCount "81"]
[EventDate "2011.07.12"]
[EventType "swiss"]
[EventRounds "9"]
[EventCountry "ESP"]
[Source "lmi"]
[SourceDate "2011.07.12"]

1. d4 d5 2. c4 e6 3. Nc3 Nf6 4. Bg5 Be7 5. e3 O-O 6. Nf3 b6 7. cxd5 exd5 8. Bd3
Bb7 9. Qc2 Nbd7 10. O-O c5 11. Bxf6 Nxf6 12. Ne5 a6 13. Rad1 c4 14. Be2 b5 15.
a3 Rc8 16. f4 Ne4 17. Nxe4 dxe4 18. Bg4 f5 19. Bh3 Bd5 20. Kh1 c3 21. Rc1 cxb2
22. Qxb2 Rxc1 23. Rxc1 Qa5 24. Ra1 g6 25. g4 Rc8 26. gxf5 Qc3 27. Qxc3 Rxc3 28.
fxg6 Rxe3 29. gxh7+ Kxh7 30. Bf5+ Kg7 31. Rg1+ Kf8 32. Nd7+ Ke8 33. Nb6 Bb7 34.
d5 Kd8 35. Rg8+ Kc7 36. Nc8 Bxc8 37. Rxc8+ Kb7 38. Re8 Bxa3 39. Rxe4 Rxe4 40.
Bxe4 Be7 41. d6+ 1-0

[Event "Campeonato de España sub-14 2011"]
[Site "Padron ESP"]
[Date "2011.07.13"]
[Round "3.6"]
[White "Alonso Gonzalez, Miguel"]
[Black "Perez Barreto, Adrian"]
[Result "0-1"]
[WhiteElo "1732"]
[BlackElo "1934"]
[PlyCount "78"]
[EventDate "2011.07.12"]
[EventType "swiss"]
[EventRounds "9"]
[EventCountry "ESP"]
[Source "lmi"]
[SourceDate "2011.07.12"]

1. e4 c5 2. Nf3 e6 3. d4 cxd4 4. Nxd4 Nc6 5. g3 Qc7 6. Ne2 Bc5 7. Bg2 Nf6 8.
Nbc3 O-O 9. O-O a6 10. Bf4 Ne5 11. h3 Nh5 12. Bxe5 Qxe5 13. Kh2 Nf6 14. f4 Qc7
15. g4 d6 16. Ng3 Nd7 17. g5 Nb6 18. f5 Nc4 19. Qh5 f6 20. fxe6 Bxe6 21. gxf6
g6 22. Nd5 Qf7 23. Ne7+ Kh8 24. Qe2 Bd4 25. Nd5 Bxd5 26. exd5 Ne3 27. Rf4 Nxg2
28. Rxd4 Qxf6 29. c3 Nh4 30. Rf1 Nf3+ 31. Rxf3 Qxf3 32. Qxf3 Rxf3 33. Rb4 b5
34. Kg2 Rd3 35. Re4 Rxd5 36. Re7 Re5 37. Rd7 d5 38. Kf3 Rf8+ 39. Kg4 h5+ 0-1

[Event "Campeonato de España sub-14 2011"]
[Site "Padron ESP"]
[Date "2011.07.13"]
[Round "3.7"]
[White "Nuñez, Miranda Adrian"]
[Black "Garrido Piriz, Pablo"]
[Result "0-1"]
[WhiteElo "1862"]
[BlackElo "1795"]
[PlyCount "136"]
[EventDate "2011.07.12"]
[EventType "swiss"]
[EventRounds "9"]
[EventCountry "ESP"]
[Source "lmi"]
[SourceDate "2011.07.12"]

1. e4 c5 2. d3 Nc6 3. g3 g6 4. Bg2 Bg7 5. f4 d6 6. Nf3 Nf6 7. O-O Bg4 8. c3
Bxf3 9. Bxf3 Nd7 10. Na3 O-O 11. g4 Rc8 12. f5 a6 13. Nc2 b5 14. d4 b4 15. Be3
Qa5 16. cxb4 cxb4 17. Qd2 Nb6 18. Be2 b3 19. Qxa5 Nxa5 20. Na3 Nbc4 21. Nxc4
Nxc4 22. Bxc4 Rxc4 23. axb3 Rb4 24. Rxa6 Rxb3 25. Bf2 Rxb2 26. Ra7 Bf6 27. h4
h6 28. Be3 g5 29. hxg5 hxg5 30. Ra5 Re2 31. e5 Rxe3 32. exf6 exf6 33. Kf2 Re4
34. Rd5 Rf4+ 35. Kg2 Rxg4+ 36. Kh3 Rh4+ 37. Kg3 Rd8 38. Rc1 Kf8 39. Rc7 Re4 40.
Rc6 Ke7 41. Rc7+ Rd7 42. Rc6 Re3+ 43. Kf2 Rb3 44. Ra5 Rd3 45. d5 Rb7 46. Ra8
Rxd5 47. Rcc8 Rxf5+ 48. Ke3 Re5+ 49. Kd4 Rb4+ 50. Kd3 Ke6 51. Re8+ Kf5 52. Red8
d5 53. Ra6 d4 54. Ra2 Re3+ 55. Kd2 g4 56. Rxd4 Rxd4+ 57. Kxe3 Re4+ 58. Kf2 Kg5
59. Ra7 f5 60. Rxf7 Kf4 61. Ra7 Rb4 62. Ra2 g3+ 63. Kg2 Kg4 64. Ra1 Rb2+ 65.
Kg1 f4 66. Kh1 f3 67. Kg1 Kh3 68. Kh1 g2+ 0-1

[Event "Campeonato de España sub-14 2011"]
[Site "Padron ESP"]
[Date "2011.07.13"]
[Round "3.8"]
[White "Ananian, Arman"]
[Black "Aguila Hernandez, Eduardo"]
[Result "1-0"]
[WhiteElo "1847"]
[BlackElo "1772"]
[PlyCount "71"]
[EventDate "2011.07.12"]
[EventType "swiss"]
[EventRounds "9"]
[EventCountry "ESP"]
[Source "lmi"]
[SourceDate "2011.07.12"]

1. e4 e5 2. Nf3 Nc6 3. Bb5 a6 4. Ba4 Nf6 5. O-O b5 6. Bb3 Be7 7. Re1 O-O 8. c3
d5 9. exd5 Nxd5 10. Nxe5 Nxe5 11. Rxe5 c6 12. d4 Bd6 13. Re1 Qh4 14. g3 Qh3 15.
Qf3 Bg4 16. Qg2 Qh5 17. Nd2 Rae8 18. Re4 Bf3 19. Rxe8 Bxg2 20. Rxf8+ Kxf8 21.
Kxg2 Qe2 22. Nf3 Nf6 23. Ng1 Qe4+ 24. Nf3 c5 25. Bg5 Qe2 26. Bxf6 gxf6 27. Rb1
cxd4 28. cxd4 a5 29. Bd1 Qd3 30. Rc1 Be7 31. Rc8+ Kg7 32. Bc2 Qe2 33. Nh4 Kh6
34. Nf5+ Kh5 35. Rg8 Bb4 36. g4+ 1-0

[Event "Campeonato de España sub-14 2011"]
[Site "Padron ESP"]
[Date "2011.07.13"]
[Round "3.9"]
[White "Vico Moreno, Antonio"]
[Black "Fernandez, Gil Ruben C"]
[Result "0-1"]
[WhiteElo "1696"]
[BlackElo "1847"]
[PlyCount "49"]
[EventDate "2011.07.12"]
[EventType "swiss"]
[EventRounds "9"]
[EventCountry "ESP"]
[Source "lmi"]
[SourceDate "2011.07.12"]

1. e4 c5 2. Nf3 Nc6 3. d4 cxd4 4. Nxd4 g6 5. Nc3 Bg7 6. Be3 Nf6 7. Bc4 O-O 8.
Qd2 Ng4 9. Nxc6 bxc6 10. f3 Nxe3 11. Qxe3 Rb8 12. Bb3 Qa5 13. O-O c5 14. Qf4
Ba6 15. Rfd1 c4 16. Rxd7 cxb3 17. cxb3 Rxb3 18. Nd5 Rxb2 19. Qg5 Kh8 20. Qxe7
Qd2 21. Nf4 Qxf4 22. Rd8 Rb8 23. Rad1 Qe3+ 24. Kh1 Rbxd8 25. Re1 0-1

[Event "Campeonato de España sub-14 2011"]
[Site "Padron ESP"]
[Date "2011.07.13"]
[Round "3.10"]
[White "Navarrete Espi, Samuel"]
[Black "Portela Peleteiro, Alberto"]
[Result "1/2-1/2"]
[WhiteElo "2169"]
[BlackElo "1681"]
[PlyCount "62"]
[EventDate "2011.07.12"]
[EventType "swiss"]
[EventRounds "9"]
[EventCountry "ESP"]
[Source "lmi"]
[SourceDate "2011.07.12"]

1. e4 c5 2. Nf3 d6 3. d4 cxd4 4. Nxd4 Nf6 5. Nc3 g6 6. Be3 Bg7 7. f3 O-O 8. Qd2
Nc6 9. O-O-O d5 10. exd5 Nxd5 11. Nxc6 bxc6 12. Bd4 Nxc3 13. Qxc3 Bh6+ 14. Be3
Bxe3+ 15. Qxe3 Qb6 16. Qxe7 Be6 17. Bd3 Bxa2 18. Rhe1 c5 19. b3 Bxb3 20. cxb3
Qxb3 21. Re3 Rad8 22. Rd2 Qc3+ 23. Rc2 Qa3+ 24. Kd2 Qa1 25. Qxc5 Qg1 26. Re2
Rxd3+ 27. Kxd3 Rd8+ 28. Kc4 Qd1 29. Kc3 Qa1+ 30. Rb2 Qd1 31. Rbc2 Qa1+ 1/2-1/2

[Event "Campeonato de España sub-14 2011"]
[Site "Padron ESP"]
[Date "2011.07.13"]
[Round "3.11"]
[White "Nicolas Zapata, Irene"]
[Black "Picazo Gonzalez, Ana"]
[Result "1-0"]
[WhiteElo "2117"]
[BlackElo "1777"]
[PlyCount "99"]
[EventDate "2011.07.12"]
[EventType "swiss"]
[EventRounds "9"]
[EventCountry "ESP"]
[Source "lmi"]
[SourceDate "2011.07.12"]

1. d4 d5 2. Nf3 e6 3. c4 c5 4. cxd5 exd5 5. Nc3 Nc6 6. g3 Nf6 7. Bg2 Be7 8. O-O
O-O 9. dxc5 Bxc5 10. Na4 Be7 11. Be3 Ne4 12. Rc1 Bf6 13. Nd4 Qa5 14. f3 Ng5 15.
Rc5 Qd8 16. Nxc6 bxc6 17. Rxc6 d4 18. Bxg5 Bxg5 19. f4 Be7 20. Rc4 Rb8 21. Rxd4
Qc7 22. Kh1 Bf6 23. Rd2 Bb7 24. e4 Rfd8 25. Qc2 Qa5 26. Rxd8+ Rxd8 27. Nc5 Ba8
28. Nb3 Qb6 29. e5 Bxg2+ 30. Qxg2 Be7 31. Rc1 a5 32. Qe4 Bb4 33. a4 Be7 34. Qf3
h6 35. Rd1 Rxd1+ 36. Qxd1 Qc6+ 37. Kg1 Bc5+ 38. Nxc5 Qxc5+ 39. Kf1 Qc4+ 40. Kf2
Qc5+ 41. Ke2 Qc4+ 42. Kd2 Qa2 43. Kc3 Qe6 44. Qd8+ Kh7 45. Qxa5 Qc6+ 46. Kb3
Qf3+ 47. Qc3 Qb7+ 48. Ka3 Qe7+ 49. b4 g6 50. a5 1-0